000 00636nam a22001697a 4500
082 _a005
100 _aAnwar, Hummad ; Mahmod, Muhammad Umais ; Khaliq, Osaid ; Naveed, Rafay
245 _aMedia Management and Quality Assurance /
_cHummad Anwar ; Muhammad Umais Mahmod ; Osaid Khaliq ; Rafay Naveed
260 _aIslamabad :
_bSEECS - NUST,
_c2008.
300 _aVar. p. ;
_c30cm.
563 _aHB
650 _aComputer Science-Project Report
700 _aMr. Muhammad Yousaf
_931155
856 _uhttp://10.250.8.41:8080/xmlui/handle/123456789/29583
942 _2ddc
_cPR
999 _c536331
_d536331